IIRSA: lógica de la interconexión, lógicas interconectadas /

Guardado en:
Bibliografiske detaljer
Institution som forfatter: Arias Toledo, María Eugenia
Format: Texto
Udgivet: Buenos Aires: Biblos
Tags: Tilføj Tag
Ingen Tags, Vær først til at tagge denne postø!

MARC

LEADER 00000 a a2200000 04500
001 47496
003
040
110 |a Arias Toledo, María Eugenia  
245 |a IIRSA: lógica de la interconexión, lógicas interconectadas /  |c María Eugenia Arias Toledo  
260 |a Buenos Aires:   |b Biblos  
773 |g 103-121  
999 |c 38772  |d 38772